000 00511nam a2200205 a 4500
001 13996
003 CO-ViMGA
008 141112s2004 ck r 000 u spa d
020 _a8479020113
040 _aCO-ViMGA
_bspa
_cCO-ViMGA
082 0 4 _a796.352 863
100 1 _aBowles, Colin
_920444
245 1 0 _aLa guia del perfecto tramposo de Golf
250 _a3
260 _aMadrid :
_bTutor,
_c1997
300 _a86p.
590 _aForma de adquisición : Compra
650 1 4 _aGOLF
_93587
942 _2ddc
_cBK
999 _c24697
_d24697